Statistics for 5 Most Popular Sports in Australia

Click here to take the quiz!

General Stats

  • This quiz has been taken 63 times
  • The average score is 4 of 5

Answer Stats

RankSport% Correct
4Soccer|Football
100%
2Cricket
87%
3Rugby
87%
5Basketball
75%
1Australian Football
44%

Score Distribution

Percentile by Number Answered

Percent of People with Each Score

Your Score History

You have not taken this quiz